French-English Name Dictionary Quiz Stats

 Plays Quiz Updated Feb 22, 2019

Score 0/36 Timer 06:00
1 Play Today
% Correct
Alain
96.9%
Noémie
96.8%
Suzanne
96.8%
Victoire
96.7%
Luc
96.7%
Pierre
96.6%
Madeleine
96.5%
Antoine
96.4%
Géraud
96.3%
Baudouin
96.2%
Mélisande
96.1%
Hugues
96%
Renaud
96%
Hervé
95.9%
Jules
95.9%
Thierry
95.7%
Benoît
95.3%
André
95.1%
% Correct
Roch
95.1%
Ariane
95%
Aubert
94.9%
Côme
94.5%
Arnaud
93%
Raoul
92.8%
Jean
92.5%
Jacinthe
90%
Yves
89.2%
Yseult
86.8%
Edwige
84.4%
Jacques
80.8%
Élie
79.5%
Corin
75.7%
Gaspard
75%
Étienne
73.3%
Gautier
72.6%
Armand
67.2%

You're not logged in!

Compare scores with friends on all Sporcle quizzes.
OR
Log In

Show Comments

Extras

Top Quizzes Today


Score Distribution

Your Account Isn't Verified!

In order to create a playlist on Sporcle, you need to verify the email address you used during registration. Go to your Sporcle Settings to finish the process.

Report this User

Report this user for behavior that violates our Community Guidelines.

Details: